[Event "1st Easter Festival-A 2021"]
[Site "Bassano del Grappa"]
[Date "2021.04.02"]
[Round "3.6"]
[White "Moroni, Luca Jr"]
[Black "Yu, Jennifer"]
[Result "1/2-1/2"]
[WhiteElo "2552"]
[BlackElo "2275"]
[Annotator "TA"]
[PlyCount "107"]
[EventDate "2021.04.01"]
[EventType "swiss"]
[EventCountry "ITA"]
[SourceTitle "playchess.com"]
[Source "ChessBase"]
[SourceQuality "1"]

{[%evp 14,107,0,0,14,-79,-77,-92,-87,-85,-87,-95,-71,-95,-95,-94,-85,-104,-91,-178,-165,-177,-157,-174,-128,-128,-128,-133,-125,-123,-119,-108,-65,-103,-72,-85,-22,-86,-86,-116,-110,-141,-122,-114,-131,-176,-38,-38,-38,-38,-38,-132,-68,-173,-174,-203,-188,-210,-41,-176,-174,-256,-275,-285,-295,-303,-309,-297,-285,-293,-286,-257,-108,-108,-108,-108,-108,-108,-108,-108,-108,-197,-197,-197,-197,-197,-197,-197,-197,-197,-197,-197,0,-197,0,-197]} 1. d4 d5 2. c4 c6 3. Nf3 Nf6 4. Nc3 dxc4 5. a4 e6 6. e4 Bb4 7. Bg5 Bxc3+ 8. bxc3 Qa5 {[#] D44: Semi-Slav: Botvinnik System.} 9. Rc1 $146 (9. e5 $11 Ne4 10. Bd2) ({Predecessor:} 9. e5 Ne4 10. Bd2 c5 11. Bxc4 Nxd2 12. Qxd2 cxd4 13. cxd4 Nc6 14. Bb5 Bd7 15. Rc1 Qxd2+ 16. Kxd2 a6 17. Bd3 Ke7 18. Rb1 {1-0 (48) Xiong,J (2679)-Smirnov,A (2567) chess.com INT 2019}) 9... Nxe4 $17 {[%mdl 64] Double Attack} 10. Bf4 b5 {Black is better.} ({And not} 10... Nxc3 11. Qd2 $16) 11. Qc2 Nf6 12. Be2 Bb7 13. Bd6 a6 14. Ne5 Qd8 $1 {[%cal Rd8d6]} 15. Ba3 Nbd7 16. Bf3 (16. Bxc4 $17 c5 17. Nxd7 Qxd7 18. Be2) 16... Qc7 $1 $19 17. Nxd7 Nxd7 ({Don't do} 17... Kxd7 18. O-O $17) 18. Qe4 Nb6 19. axb5 axb5 20. Bb4 Nd5 21. Bc5 Qf4 22. Qb1 Qg5 23. g3 h5 24. h4 Qd8 (24... Qf5 $17 25. Qxf5 exf5) 25. Qe4 (25. O-O $11) 25... Qf6 $17 26. O-O Kd7 27. Bg2 g5 $1 28. hxg5 Qxg5 29. f4 Qf5 (29... Qxg3 $19 30. f5 Rhg8 31. fxe6+ fxe6 32. Rf7+ Kd8) 30. Qxf5 $15 exf5 31. Rfe1 Rae8 32. Bh3 (32. Rxe8 $15 Rxe8 33. Bxd5 cxd5 34. Kg2) 32... Ne3 (32... Reg8 $17 33. Bxf5+ Kc7) 33. d5 (33. Kf2 $15 Ng4+ 34. Bxg4 hxg4 35. Rxe8 Rxe8 36. Rh1) 33... Nxd5 $19 34. Bxf5+ Kc7 35. Bd4 f6 $2 ({Better is} 35... Rxe1+ $1 $19 36. Rxe1 f6) 36. Rxe8 (36. Be6 $1 $15) 36... Rxe8 37. Kf2 (37. Bg6 {was necessary.} Rg8 38. f5) 37... Kd6 {White must now prevent ...c5.} 38. Rd1 {[#]} Rf8 39. Be4 {[#] intending Bxd5.} c5 $1 {[%cal Rc5d4]} 40. Be3 Re8 41. Bf3 f5 ({Worse is} 41... Rxe3 42. Bxd5 Rxc3 43. Bxb7+ Kc7 44. Be4 $11) 42. Bxh5 Rxe3 (42... Rh8 $19 43. Bf3 b4) 43. Rxd5+ $17 {[%mdl 64] Remove Defender} Bxd5 44. Kxe3 $19 {[%mdl 4096] Endgame KB-KB} b4 45. Kd2 Be4 46. Be2 Kd5 47. g4 (47. Bh5 $17) 47... fxg4 48. Bxg4 Bd3 49. Bf3+ Ke6 50. Bg4+ Bf5 51. Be2 Kd5 52. Bf3+ Be4 $2 ({Black should play} 52... Kd6 $19 53. Bg2 Ke7) 53. Bh5 $2 (53. Bg4 $11 {and White is okay.}) 53... Bd3 54. Bf3+ $1 {Weighted Error Value: White=0.34/Black=0.28} 1/2-1/2

[Event "1st Easter Festival-A 2021"]
[Site "Bassano del Grappa"]
[Date "2021.04.02"]
[Round "3.7"]
[White "Dardha, Daniel"]
[Black "Palozza, Christian"]
[Result "1-0"]
[WhiteElo "2516"]
[BlackElo "2263"]
[Annotator "ChessBase"]
[PlyCount "79"]
[EventDate "2021.04.01"]
[EventType "swiss"]
[EventCountry "ITA"]
[SourceTitle "playchess.com"]
[Source "ChessBase"]
[SourceQuality "1"]
[TimeControl "5400+30"]

1. Nf3 {[%emt 0:07:22]} Nf6 {[%emt 0:00:00]} 2. c4 {[%emt 0:00:05]} e6 {[%emt 0:00:00]} 3. Nc3 {[%emt 0:00:07]} d5 {[%emt 0:00:00]} 4. d4 {[%emt 0:00:08]} dxc4 {[%emt 0:00:00]} 5. Qa4+ {[%emt 0:03:37]} c6 {[%emt 0:01:38]} 6. Qxc4 {[%emt 0:00:52]} b5 {[%emt 0:00:34]} 7. Qd3 {[%emt 0:02:09]} a6 {[%emt 0:03:35]} 8. e4 {[%emt 0:09:26]} Bb7 {[%emt 0:08:16]} 9. Bg5 {[%emt 0:19:12]} h6 {[%emt 0:08:01]} 10. Bh4 {[%emt 0:00:36]} g5 {[%emt 0:15:54]} 11. Bg3 {[%emt 0:00:19]} Nh5 {[%emt 0:00:23]} 12. Be5 {[%emt 0:05:57]} Rg8 {[%emt 0:03:36]} 13. h3 {[%emt 0:00:40]} Nd7 {[%emt 0:13:39]} 14. Bh2 {[%emt 0:00:41]} Nf4 {[%emt 0:01:10]} 15. Qd2 {[%emt 0:04:54]} c5 {[%emt 0:04:07]} 16. d5 {[%emt 0:06:10]} e5 {[%emt 0:01:00]} 17. b3 {[%emt 0:09:09]} c4 {[%emt 0:03:45]} 18. g3 {[%emt 0:04:46]} Bb4 {[%emt 0:12:00]} 19. a3 {[%emt 0:03:43]} Qa5 {[%emt 0:01:28]} 20. axb4 {[%emt 0:00:22]} Qxa1+ {[%emt 0:00:12]} 21. Nd1 {[%emt 0:00:05]} cxb3 {[%emt 0:04:57]} 22. gxf4 {[%emt 0:00:55]} Rc8 {[%emt 0:00:16]} 23. Bd3 {[%emt 0:02:00]} gxf4 {[%emt 0:03:12]} 24. Ke2 {[%emt 0:03:57]} Rc1 {[%emt 0:04:19]} 25. Re1 {[%emt 0:00:16]} Ke7 {[%emt 0:04:59]} 26. Nh4 {[%emt 0:05:51]} Nb6 {[%emt 0:01:40]} 27. Bxf4 {[%emt 0:03:34]} exf4 {[%emt 0:00:57]} 28. Nf5+ {[%emt 0:00:02]} Kd8 {[%emt 0:02:25]} 29. Qxf4 {[%emt 0:00:03]} Nd7 {[%emt 0:01:17]} 30. Nd6 {[%emt 0:02:53]} Bxd5 {[%emt 0:00:15]} 31. exd5 {[%emt 0:02:35]} Qe5+ {[%emt 0:00:06]} 32. Qe3 {[%emt 0:00:38]} Qxe3+ {[%emt 0:01:45]} 33. Nxe3 {[%emt 0:00:03]} Rxe1+ {[%emt 0:00:18]} 34. Kxe1 {[%emt 0:00:01]} Ne5 {[%emt 0:00:26]} 35. Bf5 {[%emt 0:02:25]} Nf3+ {[%emt 0:00:39]} 36. Ke2 {[%emt 0:00:22]} Nd4+ {[%emt 0:00:15]} 37. Kd3 {[%emt 0:00:26]} Rg5 {[%emt 0:00:52]} 38. Nxf7+ {[%emt 0:00:28]} Ke7 {[%emt 0:00:28]} 39. Nxg5 {[%emt 0:00:08]} Nxf5 {[%emt 0:00:15]} 40. Nxf5+ {[%emt 0:00:06]} 1-0

[Event "1st Easter Festival-A 2021"]
[Site "Bassano del Grappa"]
[Date "2021.04.02"]
[Round "3.8"]
[White "Sonis, Francesco"]
[Black "Fischer, Daniel"]
[Result "1/2-1/2"]
[WhiteElo "2477"]
[BlackElo "2276"]
[Annotator "ChessBase"]
[PlyCount "79"]
[EventDate "2021.04.01"]
[EventType "swiss"]
[EventCountry "ITA"]
[SourceTitle "playchess.com"]
[Source "ChessBase"]
[SourceQuality "1"]
[TimeControl "5400+30"]

1. d4 {[%emt 0:00:52]} Nf6 {[%emt 0:00:00]} 2. c4 {[%emt 0:00:07]} c5 {[%emt 0:00:05]} 3. d5 {[%emt 0:00:10]} b5 {[%emt 0:00:13]} 4. cxb5 {[%emt 0:00:09]} a6 {[%emt 0:00:07]} 5. e3 {[%emt 0:00:05]} Bb7 {[%emt 0:00:29]} 6. Nc3 {[%emt 0:00:11]} Qa5 {[%emt 0:00:56]} 7. Bd2 {[%emt 0:00:30]} axb5 {[%emt 0:01:01]} 8. Bxb5 {[%emt 0:00:53]} Qb6 {[%emt 0:00:41]} 9. a4 {[%emt 0:00:15]} Nxd5 {[%emt 0:00:38]} 10. Nf3 {[%emt 0:00:06]} e6 {[%emt 0:00:22]} 11. O-O {[%emt 0:00:13]} Be7 {[%emt 0:00:30]} 12. e4 {[%emt 0:00:09]} Nb4 {[%emt 1:30:58]} 13. Ne5 {[%emt 0:18:43]} O-O {[%emt 0:00:00]} 14. Nc4 {[%emt 0:06:35]} Qc7 {[%emt 0:00:00]} 15. e5 {[%emt 0:00:54]} N8c6 {[%emt 0:00:00]} 16. Bf4 {[%emt 0:04:02]} Nd4 {[%emt 0:00:00]} 17. Qg4 {[%emt 0:09:57]} Qd8 {[%emt 0:00:00]} 18. Nd6 {[%emt 0:07:40]} Bxd6 {[%emt 0:00:00]} 19. exd6 {[%emt 0:00:05]} f6 {[%emt 0:00:00]} 20. Bc4 {[%emt 0:08:02]} Kh8 {[%emt 0:00:00]} 21. Be3 {[%emt 0:00:54]} Qb6 {[%emt 0:00:00]} 22. Bxd4 {[%emt 0:05:16]} cxd4 {[%emt 0:00:00]} 23. Nb5 {[%emt 0:00:03]} f5 {[%emt 0:00:00]} 24. Qxd4 {[%emt 0:00:23]} Qc6 {[%emt 0:00:00]} 25. f3 {[%emt 0:00:03]} Nc2 {[%emt 0:00:00]} 26. Qc3 {[%emt 0:01:11]} Nxa1 {[%emt 0:00:00]} 27. Rxa1 {[%emt 0:00:03]} Ba6 {[%emt 0:00:00]} 28. Qd4 {[%emt 0:02:02]} e5 {[%emt 0:00:00]} 29. Qd3 {[%emt 0:01:31]} Qc5+ {[%emt 0:00:00]} 30. Kh1 {[%emt 0:00:35]} e4 {[%emt 0:00:00]} 31. fxe4 {[%emt 0:00:53]} fxe4 {[%emt 0:00:00]} 32. Qe2 {[%emt 0:00:02]} Rae8 {[%emt 0:00:00]} 33. b3 {[%emt 0:02:13]} Bxb5 {[%emt 0:01:19]} 34. Bxb5 {[%emt 0:00:06]} Qxd6 {[%emt 0:00:47]} 35. Rd1 {[%emt 0:00:16]} Qc5 {[%emt 0:01:47]} 36. h3 {[%emt 0:02:31]} Re7 {[%emt 0:01:17]} 37. Bxd7 {[%emt 0:01:09]} Rd8 {[%emt 0:00:57]} 38. Bb5 {[%emt 0:00:05]} Rd5 {[%emt 0:06:53]} 39. Rd3 Rxd3 {[%emt 0:00:00]} 40. Qd1 {[%emt 0:00:31]} 1/2-1/2

[Event "1st Easter Festival-A 2021"]
[Site "Bassano del Grappa"]
[Date "2021.04.02"]
[Round "3.9"]
[White "Brotto, Alessandro"]
[Black "Tisaj, Domen"]
[Result "1/2-1/2"]
[WhiteElo "1970"]
[BlackElo "2287"]
[Annotator "ChessBase"]
[PlyCount "119"]
[EventDate "2021.04.01"]
[EventType "swiss"]
[EventCountry "ITA"]
[SourceTitle "playchess.com"]
[Source "ChessBase"]
[SourceQuality "1"]
[TimeControl "5400+30"]

1. e4 {[%emt 0:01:31]} c5 {[%emt 0:00:00]} 2. Nf3 {[%emt 0:00:14]} d6 {[%emt 0:00:14]} 3. Bb5+ {[%emt 0:00:15]} Nd7 {[%emt 0:00:40]} 4. O-O {[%emt 0:00:58]} a6 {[%emt 0:00:47]} 5. Bd3 {[%emt 0:00:16]} Ngf6 {[%emt 0:00:14]} 6. c3 {[%emt 0:03:31]} b5 {[%emt 0:00:36]} 7. Bc2 {[%emt 0:03:01]} Bb7 {[%emt 0:00:12]} 8. Re1 {[%emt 0:01:39]} e6 {[%emt 0:00:11]} 9. a4 {[%emt 0:01:42]} Be7 {[%emt 0:02:09]} 10. d4 {[%emt 0:04:34]} Rc8 {[%emt 0:16:41]} 11. axb5 {[%emt 0:07:25]} axb5 {[%emt 0:00:12]} 12. e5 {[%emt 0:14:14]} dxe5 {[%emt 0:04:51]} 13. dxe5 {[%emt 0:01:40]} Nd5 {[%emt 0:00:12]} 14. Nbd2 {[%emt 0:05:53]} c4 {[%emt 0:01:17]} 15. Ne4 {[%emt 0:05:13]} h6 {[%emt 0:17:09]} 16. Nd4 {[%emt 0:09:09]} Qb6 {[%emt 0:16:27]} 17. Qg4 {[%emt 0:03:04]} Kf8 {[%emt 0:06:54]} 18. Ng3 {[%emt 0:08:58]} Bc5 {[%emt 0:04:34]} 19. Nh5 {[%emt 0:07:19]} g5 {[%emt 0:05:25]} 20. h4 {[%emt 0:02:59]} Bxd4 {[%emt 0:03:39]} 21. cxd4 {[%emt 0:00:29]} Nb4 {[%emt 0:01:10]} 22. Bb1 {[%emt 0:02:45]} Nd3 {[%emt 0:04:13]} 23. Bxd3 {[%emt 0:02:57]} cxd3 {[%emt 0:00:03]} 24. Bd2 {[%emt 0:00:47]} Rc4 {[%emt 0:02:27]} 25. Rec1 {[%emt 0:03:21]} Rg8 {[%emt 0:04:14]} 26. Nf6 {[%emt 0:05:20]} Nxf6 {[%emt 0:01:00]} 27. exf6 {[%emt 0:00:09]} Rg6 {[%emt 0:00:22]} 28. hxg5 {[%emt 0:00:55]} hxg5 {[%emt 0:00:50]} 29. b3 {[%emt 0:02:12]} Rc2 {[%emt 0:02:02]} 30. Bb4+ {[%emt 0:01:01]} Kg8 {[%emt 0:00:12]} 31. Rxc2 {[%emt 0:01:10]} dxc2 {[%emt 0:00:02]} 32. Rc1 {[%emt 0:00:28]} Qc6 {[%emt 0:00:14]} 33. Bc5 {[%emt 0:00:28]} Qe4 {[%emt 0:04:20]} 34. Qxe4 {[%emt 0:00:25]} Bxe4 {[%emt 0:00:02]} 35. f3 {[%emt 0:00:14]} Bd3 {[%emt 0:00:11]} 36. Be7 {[%emt 0:00:18]} g4 {[%emt 0:00:13]} 37. Kf2 {[%emt 0:00:34]} gxf3 {[%emt 0:00:44]} 38. Kxf3 {[%emt 0:00:44]} Rg5 {[%emt 0:00:15]} 39. g4 {[%emt 0:00:44]} Rd5 {[%emt 0:02:10]} 40. Ke3 {[%emt 0:00:22]} Bg6 {[%emt 0:00:22]} 41. Rh1 {[%emt 0:00:12]} e5 {[%emt 0:00:42]} 42. Bc5 {[%emt 0:00:51]} b4 {[%emt 0:00:52]} 43. Ra1 {[%emt 0:00:49]} Rd8 {[%emt 0:00:30]} 44. Kd2 {[%emt 0:00:38]} exd4 {[%emt 0:00:16]} 45. Bxb4 {[%emt 0:00:16]} Rb8 {[%emt 0:00:23]} 46. Ra4 {[%emt 0:00:37]} Be4 {[%emt 0:00:07]} 47. Ba3 {[%emt 0:00:35]} Rxb3 {[%emt 0:01:28]} 48. Rxd4 {[%emt 0:00:17]} Rxa3 {[%emt 0:00:08]} 49. Rxe4 {[%emt 0:00:07]} Rc3 {[%emt 0:00:04]} 50. Re1 {[%emt 0:01:04]} Rc4 {[%emt 0:00:18]} 51. Rh1 {[%emt 0:00:22]} Rc6 {[%emt 0:00:30]} 52. Kc1 {[%emt 0:00:24]} Rxf6 {[%emt 0:00:18]} 53. Kxc2 {[%emt 0:00:07]} Kg7 {[%emt 0:00:13]} 54. Kd3 {[%emt 0:00:37]} Re6 {[%emt 0:00:07]} 55. Rf1 {[%emt 0:00:51]} Kg6 {[%emt 0:00:06]} 56. Rf5 {[%emt 0:00:15]} f6 {[%emt 0:00:10]} 57. Kd4 {[%emt 0:00:35]} Re1 {[%emt 0:00:06]} 58. Kd5 {[%emt 0:00:13]} Rg1 {[%emt 0:00:19]} 59. Ke6 {[%emt 0:00:09]} Rxg4 {[%emt 0:00:56]} 60. Rxf6+ {[%emt 0:00:09]} 1/2-1/2

[Event "1st Easter Festival-A 2021"]
[Site "Bassano del Grappa"]
[Date "2021.04.02"]
[Round "3.10"]
[White "Nilssen, Ellen Fredericia"]
[Black "Diermair, Andreas"]
[Result "0-1"]
[WhiteElo "2168"]
[BlackElo "2487"]
[Annotator "ChessBase"]
[PlyCount "88"]
[EventDate "2021.04.01"]
[EventType "swiss"]
[EventCountry "ITA"]
[SourceTitle "playchess.com"]
[Source "ChessBase"]
[SourceQuality "1"]
[TimeControl "5400+30"]

1. d4 {[%emt 0:02:05]} Nf6 {[%emt 0:00:00]} 2. c4 {[%emt 0:00:20]} e6 {[%emt 0:00:00]} 3. Nf3 {[%emt 0:00:14]} d5 {[%emt 0:00:20]} 4. Nc3 {[%emt 0:00:11]} Bb4 {[%emt 0:00:09]} 5. cxd5 {[%emt 0:01:28]} exd5 {[%emt 0:00:07]} 6. Bg5 {[%emt 0:00:10]} h6 {[%emt 0:00:45]} 7. Bxf6 {[%emt 0:00:10]} Qxf6 {[%emt 0:00:07]} 8. e3 {[%emt 0:00:10]} c6 {[%emt 0:02:29]} 9. Rc1 {[%emt 0:11:02]} O-O {[%emt 0:00:34]} 10. h3 {[%emt 0:15:22]} Nd7 {[%emt 0:07:06]} 11. Bd3 {[%emt 0:01:56]} Re8 {[%emt 0:02:15]} 12. O-O {[%emt 0:00:17]} Nf8 {[%emt 0:07:10]} 13. a3 {[%emt 0:10:17]} Bd6 {[%emt 0:02:29]} 14. e4 {[%emt 0:00:14]} dxe4 {[%emt 0:05:24]} 15. Nxe4 {[%emt 0:08:30]} Qd8 {[%emt 0:00:15]} 16. Re1 {[%emt 0:02:00]} Re7 {[%emt 0:08:50]} 17. Bb1 {[%emt 0:07:49]} Be6 {[%emt 0:01:56]} 18. Qd3 {[%emt 0:05:47]} Rd7 {[%emt 0:05:21]} 19. Rcd1 {[%emt 0:03:45]} a5 {[%emt 0:02:02]} 20. Qe2 {[%emt 0:03:54]} Bd5 {[%emt 0:11:41]} 21. Nc5 {[%emt 0:03:42]} Re7 {[%emt 0:01:09]} 22. Qd3 {[%emt 0:00:08]} Qb6 {[%emt 0:04:10]} 23. Rxe7 {[%emt 0:02:55]} Bxe7 {[%emt 0:00:02]} 24. Nd7 {[%emt 0:00:12]} Qb3 {[%emt 0:00:10]} 25. Nxf8 {[%emt 0:01:24]} Qxd3 {[%emt 0:00:10]} 26. Bxd3 {[%emt 0:02:08]} Kxf8 {[%emt 0:00:10]} 27. Ne5 {[%emt 0:00:06]} Rd8 {[%emt 0:01:32]} 28. Bc4 {[%emt 0:00:50]} Bf6 {[%emt 0:02:08]} 29. Be2 {[%emt 0:04:32]} Bb3 {[%emt 0:04:10]} 30. Rd3 {[%emt 0:00:21]} a4 {[%emt 0:00:14]} 31. f4 {[%emt 0:04:10]} g5 {[%emt 0:02:07]} 32. g3 {[%emt 0:01:01]} gxf4 {[%emt 0:04:48]} 33. gxf4 {[%emt 0:00:02]} Bc2 {[%emt 0:01:52]} 34. Rd2 {[%emt 0:00:08]} Be4 {[%emt 0:01:15]} 35. Kf2 {[%emt 0:01:02]} Ke7 {[%emt 0:02:25]} 36. Ke3 {[%emt 0:00:24]} Bd5 {[%emt 0:00:15]} 37. Bd1 {[%emt 0:01:49]} Rg8 {[%emt 0:02:43]} 38. Rd3 {[%emt 0:03:24]} Rg2 {[%emt 0:02:58]} 39. Ng4 {[%emt 0:01:39]} Bh4 {[%emt 0:03:24]} 40. Bf3 {[%emt 0:01:24]} Rg3 {[%emt 0:00:40]} 41. Ke2 {[%emt 0:00:27]} Bc4 {[%emt 0:00:20]} 42. Nxh6 {[%emt 0:00:45]} Bxd3+ {[%emt 0:00:14]} 43. Kxd3 {[%emt 0:00:06]} Rxf3+ {[%emt 0:00:13]} 44. Ke4 {[%emt 0:00:05]} Rxh3 {[%emt 0:00:09]} 0-1

[Event "1st Easter Festival-A 2021"]
[Site "Bassano del Grappa"]
[Date "2021.04.02"]
[Round "4.1"]
[White "Bernadskiy, Vitaliy"]
[Black "Bjerre, Jonas Buhl"]
[Result "1/2-1/2"]
[WhiteElo "2599"]
[BlackElo "2549"]
[Annotator "TA"]
[PlyCount "35"]
[EventDate "2021.04.01"]
[EventType "swiss"]
[EventCountry "ITA"]
[SourceTitle "playchess.com"]
[Source "ChessBase"]
[SourceQuality "1"]

{[%evp 15,35,0,22,11,11,0,29,43,39,39,37,25,55,32,39,37,22,14,0,10,8,0]} 1. e4 c5 2. Nf3 d6 3. d4 cxd4 4. Nxd4 Nf6 5. Nc3 a6 6. a4 e5 7. Nf3 $1 {The main line 7.Nf3 scores better than 7.Nb3.} Be7 8. Bc4 O-O 9. O-O {B90: Sicilian Najdorf: Unusual White 6th moves, 6 Be3 Ng4 and 6 Be3 e5.} Be6 10. Qe2 Bxc4 11. Qxc4 {White has an edge.} Nbd7 {[#]} 12. Be3 $146 ({Predecessor:} 12. Rd1 Rc8 13. Qe2 Qc7 14. Nd2 Rfe8 15. a5 h6 16. Nf1 Nc5 17. Qf3 Ne6 18. Be3 {1-0 (41) Kudrin,S (2566)-Brooks,M (2478) Tulsa 2008}) 12... Rc8 13. Qb3 b6 14. Ne1 Qc7 15. Nd3 Qc4 16. f3 {The position is equal.} Qxb3 17. cxb3 Nc5 18. Nc1 {Weighted Error Value: White=0.07/Black=0.08} 1/2-1/2

[Event "1st Easter Festival-A 2021"]
[Site "Bassano del Grappa"]
[Date "2021.04.02"]
[Round "4.2"]
[White "Basso, Pier Luigi"]
[Black "Niemann, Hans Moke"]
[Result "1/2-1/2"]
[WhiteElo "2521"]
[BlackElo "2526"]
[Annotator "ChessBase"]
[PlyCount "23"]
[EventDate "2021.04.01"]
[EventType "swiss"]
[EventCountry "ITA"]
[SourceTitle "playchess.com"]
[Source "ChessBase"]
[SourceQuality "1"]
[TimeControl "5400+30"]

1. d4 {[%emt 0:05:18]} d5 {[%emt 0:00:00]} 2. c4 {[%emt 0:00:11]} c6 {[%emt 0:00:00]} 3. cxd5 {[%emt 0:00:02]} cxd5 {[%emt 0:00:00]} 4. Nf3 {[%emt 0:00:02]} Nf6 {[%emt 0:00:00]} 5. Nc3 {[%emt 0:00:02]} Nc6 {[%emt 0:00:00]} 6. Bf4 {[%emt 0:00:02]} Bf5 {[%emt 0:00:00]} 7. e3 {[%emt 0:00:02]} e6 {[%emt 0:00:01]} 8. Bd3 {[%emt 0:00:02]} Bxd3 {[%emt 0:00:03]} 9. Qxd3 {[%emt 0:00:04]} Bd6 {[%emt 0:00:04]} 10. Bxd6 {[%emt 0:00:03]} Qxd6 {[%emt 0:00:04]} 11. O-O {[%emt 0:00:03]} O-O {[%emt 0:00:05]} 12. Rac1 {[%emt 0:00:02]} 1/2-1/2

[Event "1st Easter Festival-A 2021"]
[Site "Bassano del Grappa"]
[Date "2021.04.02"]
[Round "4.3"]
[White "Dragnev, Valentin"]
[Black "Dardha, Daniel"]
[Result "1/2-1/2"]
[WhiteElo "2564"]
[BlackElo "2516"]
[Annotator "RC"]
[PlyCount "52"]
[EventDate "2021.04.01"]
[EventType "swiss"]
[EventCountry "ITA"]
[SourceTitle "playchess.com"]
[Source "ChessBase"]
[SourceQuality "1"]
[TimeControl "5400+30"]

1. e4 {[%emt 0:00:46]} c5 {[%emt 1:30:30]} 2. Nf3 Nc6 3. Bb5 e5 {[%emt 0:00:00]} 4. O-O {[%emt 0:01:15]} Bd6 {[%emt 0:00:00]} 5. c3 {[%emt 0:03:06]} a6 {[%emt 0:00:00]} 6. Ba4 {[%emt 0:01:57]} b5 {[%emt 0:00:00]} 7. Bc2 {[%emt 0:00:20]} Nge7 {[%emt 0:03:00]} 8. a3 Bc7 9. b4 cxb4 {[%emt 0:00:00]} 10. axb4 {[%emt 0:05:24]} O-O {[%emt 0:00:00]} 11. d3 {[%emt 0:00:56]} d5 {[%emt 0:00:00]} 12. Nbd2 {[%emt 0:02:42]} Bg4 {[%emt 0:00:00]} 13. h3 {[%emt 0:01:46]} Bh5 {[%emt 0:00:00]} 14. Re1 {[%emt 0:04:23]} Bb6 {[%emt 0:00:00]} 15. g4 {[%emt 0:11:07]} Bg6 {[%emt 0:00:00]} 16. Nf1 {[%emt 0:00:09]} Qc7 {[%emt 0:00:00]} 17. Bd2 {[%emt 0:02:06]} Rfd8 {[%emt 0:00:00]} 18. Bb3 {[%emt 0:10:11]} Kh8 {[%emt 0:00:00]} 19. Qe2 {[%emt 0:04:02]} f6 {[%emt 0:00:00]} 20. Ra3 {[%emt 0:01:36]} a5 {[%emt 0:00:00]} 21. Rea1 {[%emt 0:05:39]} Rac8 {[%emt 0:00:00]} 22. Ng3 axb4 {[%emt 0:00:00]} 23. cxb4 {[%emt 0:03:08]} Nd4 {[%emt 0:00:00]} 24. Nxd4 {[%emt 0:02:30]} Bxd4 {[%emt 0:00:00]} 25. Rc1 {[%emt 0:00:12]} Qd7 {[%emt 0:00:00]} 26. Rxc8 {[%emt 0:03:47]} Rxc8 {[%emt 0:00:00]} 1/2-1/2

[Event "1st Easter Festival-A 2021"]
[Site "Bassano del Grappa"]
[Date "2021.04.02"]
[Round "4.4"]
[White "Yu, Jennifer"]
[Black "Shetty, Atulya"]
[Result "1/2-1/2"]
[WhiteElo "2275"]
[BlackElo "2447"]
[Annotator "TA"]
[PlyCount "106"]
[EventDate "2021.04.01"]
[EventType "swiss"]
[EventCountry "ITA"]
[SourceTitle "playchess.com"]
[Source "ChessBase"]
[SourceQuality "1"]

{[%evp 18,106,0,-11,0,0,7,0,0,0,0,0,0,0,13,11,10,-19,4,0,7,0,28,0,0,0,22,37,50,43,23,22,22,22,22,22,22,23,23,23,50,0,83,48,51,60,194,213,179,0,0,0,0,0,0,0,0,0,0,0,0,0,0,0,0,0,0,0,0,0,0,-14,0,0,0,-14,0,0,0,0,0,0,0,0,0,0,0,0,0,0,0]} 1. d4 d5 2. c4 c6 3. Nf3 Nf6 4. Nc3 e6 5. cxd5 exd5 6. Bg5 Bf5 7. Qb3 Qb6 8. Qxb6 axb6 9. Bxf6 gxf6 10. Nh4 Be6 {D35: Queen's Gambit Declined: Exchange Variation.} 11. e3 b5 12. Bd3 Nd7 {[%cal Bb8d7,Bd7b6,Bb6c4][%mdl 32]} 13. Kd2 Nb6 14. Kc2 {[#]} Nc4 $146 ({Predecessor:} 14... Be7 15. Ne2 Nc4 16. Nf5 Bxf5 17. Bxf5 O-O 18. Bd3 Ra5 19. a3 Rfa8 20. Nc1 R5a7 {1-0 (89) Donner,J-Wade,R Amsterdam 1961}) 15. a4 b4 16. Ne2 Nd6 17. Ng3 Be7 18. b3 b6 19. Ngf5 c5 20. Nxd6+ Bxd6 21. Nf5 Kd7 22. Bb5+ Kc7 23. Nxd6 Kxd6 24. dxc5+ bxc5 25. Rhd1 Kc7 26. Kb2 Rhd8 27. Rd2 Kb6 28. Rad1 Rdc8 29. h3 Rc7 (29... c4 $11 30. Rd4 Rc5) 30. g4 c4 31. Rd4 Ka5 {[#]} ({Black should play} 31... Rc5 $14) 32. f4 $1 $18 cxb3 33. Kxb3 $2 (33. f5 $18) 33... f5 $36 {[%mdl 2048] Black is more active.The position is equal.} 34. gxf5 ({Wrong is} 34. Rxb4 $2 d4+ 35. Kb2 Kxb4 $19) 34... Bxf5 {And now ...Bc2+ would win.} 35. Rxd5 Bc2+ {[%mdl 64] [#] Double Attack} 36. Kb2 Bxd1 37. Bc6+ $1 Kb6 38. Bxa8 Bxa4 {[%mdl 4096] Endgame KRB-KRB} 39. Rd6+ Kb5 40. Be4 Rc3 41. Rd5+ Kb6 42. Rd6+ Kc7 43. Rd4 Rb3+ 44. Ka2 Ra3+ 45. Kb2 Rb3+ 46. Ka2 h6 47. Bd3 f6 48. h4 Ra3+ 49. Kb2 Be8 50. e4 Rc3 51. e5 fxe5 52. fxe5 Rc5 53. Rxb4 Rxe5 {Weighted Error Value: White=0.10/Black=0.11} 1/2-1/2

[Event "1st Easter Festival-A 2021"]
[Site "Bassano del Grappa"]
[Date "2021.04.02"]
[Round "4.5"]
[White "Lumachi, Gabriele"]
[Black "Checa, Nicolas"]
[Result "0-1"]
[WhiteElo "2316"]
[BlackElo "2546"]
[Annotator "ChessBase"]
[PlyCount "40"]
[EventDate "2021.04.01"]
[EventType "swiss"]
[EventCountry "ITA"]
[SourceTitle "playchess.com"]
[Source "ChessBase"]
[SourceQuality "1"]
[TimeControl "5400+30"]

1. d4 {[%emt 0:00:00]} d5 {[%emt 0:05:43]} 2. c4 {[%emt 0:00:00]} c6 {[%emt 0:00:04]} 3. Nf3 {[%emt 0:00:00]} Nf6 {[%emt 0:00:03]} 4. e3 {[%emt 0:00:00]} Bf5 {[%emt 0:01:06]} 5. Nc3 {[%emt 0:00:12]} a6 {[%emt 0:00:03]} 6. Ne5 {[%emt 0:00:22]} h6 {[%emt 0:03:10]} 7. Qb3 {[%emt 0:09:25]} Ra7 {[%emt 0:00:13]} 8. a4 {[%emt 0:13:06]} e6 {[%emt 0:00:27]} 9. a5 {[%emt 0:00:06]} Nbd7 {[%emt 0:01:32]} 10. f4 {[%emt 0:04:56]} Nxe5 {[%emt 0:02:43]} 11. fxe5 {[%emt 0:00:52]} Ne4 {[%emt 0:00:17]} 12. Qb6 {[%emt 0:09:42]} Qxb6 {[%emt 0:04:15]} 13. axb6 {[%emt 0:00:06]} Ra8 {[%emt 0:00:01]} 14. c5 {[%emt 0:08:01]} Be7 {[%emt 0:05:51]} 15. Be2 {[%emt 0:01:39]} f6 {[%emt 0:02:16]} 16. exf6 {[%emt 0:01:33]} Bxf6 {[%emt 0:00:12]} 17. O-O {[%emt 0:10:38]} O-O {[%emt 0:01:11]} 18. Bd3 {[%emt 0:08:53]} Nxc3 {[%emt 0:01:26]} 19. Bxf5 {[%emt 0:02:06]} Ne2+ {[%emt 0:00:45]} 20. Kf2 {[%emt 0:00:07]} Nxd4 {[%emt 0:00:36]} 0-1